First-tier Tribunal

Bibliographic Details
Format: Unknown
Language:English
Published: Reino Unido : [s.n]
Subjects:
Online Access:Acceso restringido

MARC

LEADER 00000ny a22000003n 4500
005 2011051207487.0
008 071017c uk mr pss 0 a0eng d
035 |a 3270  
040 |a BUS  |d vLex 
090 |c 1763  |d 1763 
245 3 0 |a First-tier Tribunal  |h [Recurso electrn̤ico] 
246 3 3 |a First-tier Tribunal (Health Education and Social Care Chamber)  
256 |a Servicio en ln̕ea 
260 |a Reino Unido :  |b [s.n] 
310 |a Irregular 
650 0 4 |a Sentencias (Procedimiento penal)  |z Reino Unido  |x Publicaciones perid̤icas 
740 0 |a vLex Revista (Servicios en ln̕ea) 
843 |a Electrn̤ica. Abierta 
853 |8 1  |i (year)  |j (month)  |k (day) 
856 4 0 |z Acceso restringido  |u http://vlex.com/account/login_ip?fuente_id=3270  
942 |c REV